书目信息 |
| 题名: |
2007硕士学位研究生入学资格考试
|
|
| 作者: | 王武镝 主编 | |
| 分册: | ||
| 出版信息: | 北京 清华大学出版社 2007.04 |
|
| 页数: | 240页 | |
| 开本: | 23cm | |
| 丛书名: | ||
| 单 册: | ||
| 中图分类: | H1-44 | |
| 科图分类: | ||
| 主题词: | 汉语--han yu--研究生--入学考试--解题 | |
| 电子资源: | ||
| ISBN: | 978-7-302-15044-2 | |
| 000 | 01003nam0 2200253 450 | |
| 001 | 012008197340 | |
| 005 | 20080422140335.21 | |
| 010 | @a978-7-302-15044-2@dCNY20.00 | |
| 100 | @a20080422d2007 em y0chiy0120 ea | |
| 101 | 0 | @achi |
| 102 | @aCN@b110000 | |
| 105 | @ay q 000yy | |
| 106 | @ar | |
| 200 | 1 | @a2007硕士学位研究生入学资格考试@A2007 shuo shi xue wei yan jiu sheng ru xue zi ge kao shi@eGCT语文模拟试题与解析@f王武镝主编@Fwang wu di zhu bian |
| 210 | @a北京@c清华大学出版社@d2007.04 | |
| 215 | @a240页@d23cm | |
| 330 | @a本书与考试大纲同步,由权威机构,资深专家编写,是硕士学位研究生入学资格考试考前辅导教程语文分册的配套模拟试题集。 | |
| 517 | 1 | @a硕士学位研究生入学资格考试@Ashuo shi xue wei yan jiu sheng ru xue zi ge kao shi |
| 517 | 1 | @aGCT语文模拟试题与解析@AGCT yu wen mo ni shi ti yu jie xi |
| 606 | 0 | @a汉语@Ahan yu@x研究生@x入学考试@j解题 |
| 690 | @aH1-44@v4 | |
| 701 | 0 | @a王武镝@Awang wu di@4主编 |
| 801 | 0 | @aCN@bQSSK@c20080422 |
| 905 | @b295933-42@dH1-44@eW370@f10 | |
| 2007硕士学位研究生入学资格考试:GCT语文模拟试题与解析/王武镝主编.-北京:清华大学出版社,2007.04 |
| 240页;23cm |
| ISBN 978-7-302-15044-2:CNY20.00 |
| 本书与考试大纲同步,由权威机构,资深专家编写,是硕士学位研究生入学资格考试考前辅导教程语文分册的配套模拟试题集。 |
| ● |
| 相关链接 |
|
|
|
正题名:2007硕士学位研究生入学资格考试
索取号:H1-44/W370
 
预约/预借
| 序号 | 登录号 | 条形码 | 馆藏地/架位号 | 状态 | 备注 |
| 1 | 295933 | 202959334 | 语言库209/209语言库 70排1列4层/ [索取号:H1-44/W370] | 在馆 | |
| 2 | 295934 | 202959343 | 语言库209/209语言库 70排1列4层/ [索取号:H1-44/W370] | 在馆 | |
| 3 | 295935 | 202959352 | 语言库209/209语言库 70排1列4层/ [索取号:H1-44/W370] | 在馆 | |
| 4 | 295936 | 202959361 | 语言库209/209语言库 70排1列4层/ [索取号:H1-44/W370] | 在馆 | |
| 5 | 295937 | 202959370 | 语言库209/209语言库 70排1列4层/ [索取号:H1-44/W370] | 在馆 | |
| 6 | 295938 | 202959389 | 语言库209/209语言库 70排1列4层/ [索取号:H1-44/W370] | 在馆 | |
| 7 | 295939 | 202959398 | 语言库209/209语言库 70排1列4层/ [索取号:H1-44/W370] | 在馆 | |
| 8 | 295940 | 202959405 | 语言库209/209语言库 70排1列4层/ [索取号:H1-44/W370] | 在馆 | |
| 9 | 295941 | 202959414 | 语言库209/209语言库 70排1列4层/ [索取号:H1-44/W370] | 在馆 | |
| 10 | 295942 | 202959423 | 语言库209/209语言库 70排1列4层/ [索取号:H1-44/W370] | 在馆 |